| 000 | 00493nam a2200181Ia 4500 | ||
|---|---|---|---|
| 003 | GCL | ||
| 005 | 20240530095749.0 | ||
| 008 | 140319s9999 xx 000 0 eng d | ||
| 040 |
_aGCL / _cGCL |
||
| 082 | 0 | 4 |
_a780.03 _bL G |
| 100 | 1 | _aLARKIN, COLIN | |
| 245 | 1 | 0 |
_aTHE GUINNESS ENCYCLOPEDIA OF POPULAR MUSIC / _cLARKIN, COLIN |
| 260 |
_a[S.N] : _bGUINNESS PUBLISHING ، _c1993 |
||
| 300 | _a1296 P | ||
| 650 | 0 | 4 | _aPOPULAR MUSIC - DICTIONARIS |
| 650 | 0 | 4 | _aENCYCLOPEDIAS |
| 942 |
_2ddc _cBK |
||
| 999 |
_c10399 _d10399 |
||